000 00673nas a2200241 4500
001 BR8202407
003 BR-BrBNA
005 20231205085142.0
007 ta
008 230509b bl.|||p| |||| 00| 00por d
040 _aBR-BrBNA
_bpor
_cBiblioteca Nacional de Agricultura
041 _a(Pt)
072 _aL30
245 1 _aInsetos, aranhas e carrapatos na alimentacao da perdiz
650 _aNUTRICAO ANIMAL
650 _aPERDIZ
650 _aINSETO
650 _aARANHA
650 _aCARRAPATO
773 0 _tNatureza em Revista (Brazil)
_xISSN 0100-4700
_g(1982), (no. 9) p. 40-45
_wBR8202407
909 _a202311
_bLúcia
_c55
_dLúcia Elande
942 _2AGRIS
_n0
_cANA
999 _c109569
_d109569